Statistics for Countries of Oceania by First 3 Letters

Click here to take the quiz!

General Stats

  • This quiz has been taken 1,092 times
  • The average score is 12 of 14

Answer Stats

No.Answers% Correct
1Australia
98%
7New Zealand
97%
3Fiji
92%
10Samoa
87%
13Tuvalu
87%
14Vanuatu
87%
5Marshall Islands
86%
8Palau
86%
11Solomon Islands
86%
12Tonga
86%
2Federated States of Micronesia
85%
6Nauru
85%
4Kiribati
83%
9Papua New Guinea
79%

Score Distribution

Percentile by Number Answered

Percent of People with Each Score

Your Score History

You have not taken this quiz